Top 10 des sons les plus écoutés en France en 2024 - Mort subite - Statistiques

Statistiques générales
  • Ce quiz a été pris 195 fois
  • Le résultat moyen est 2 sur 10
Answers on the Grid
Answers color-coded by a green-red scale on the quiz's grid according to % correct below.
Spider - Gims, Distinct
Petit génie - Jungeli, Imen ES, Alonzo
Imagine - Carbonne
Beautiful things - Benson Boone
Sois pas timide - Gims
Ceux qu'on était - Pierre Garnier
Dolce camara - SDM, Booba
Gata only - Floyymenor, Cris MJ
The sound of silence - Disturbed
I love you - Dadju, Tayc
Nanani nanana - Gazo
Ma meilleure ennemie - Stromae, Pomme
Texas hold'em - Beyoncé
Chihiro - Billie Eilish
Pyramide - Werenoi
Cartier santos - SDM
Not like us - Kendrick Lamar
Kongolese sous BBL - Théodora
 
Statistiques - réponses
Réponse % Correct
Spider - Gims, Distinct
47%
Sois pas timide - Gims
34%
Petit génie - Jungeli, Imen ES, Alonzo
33%
Dolce camara - SDM, Booba
27%
Ceux qu'on était - Pierre Garnier
26%
Imagine - Carbonne
25%
Beautiful things - Benson Boone
15%
I love you - Dadju, Tayc
15%
Gata only - Floyymenor, Cris MJ
9%
The sound of silence - Disturbed
3%
Aucun quiz correspondant
Distribution des résultats
% des personnes avec chaque résultat
Percentile par nombre de réponses
Votre historique - résultats
Vous n’avez pas pris ce quiz